[Event "SR 4. liga A21 2011/2012"]
[Site "?"]
[Date "2011.12.18"]
[Round "6.3"]
[White "Beran, Jan st"]
[Black "Tomasovic, Martin"]
[Result "1-0"]
[WhiteElo "1712"]
[BlackElo "1490"]
[PlyCount "79"]
[EventDate "2011.??.??"]

1. d4 e6 2. c4 d5 3. Nc3 Nf6 4. e3 Be7 5. Nf3 O-O 6. Qc2 h6 7. Be2 c5 8. dxc5
Bxc5 9. cxd5 exd5 10. O-O Be6 11. a3 a6 12. Rd1 Nc6 13. b4 Bb6 14. Bb2 d4 15.
Na4 Bc7 16. Nxd4 Nxd4 17. Bxd4 Ng4 18. Bxg4 Bxg4 19. f3 Bxf3 20. gxf3 Qg5+ 21.
Qg2 Bxh2+ 22. Kxh2 Qh5+ 23. Kg1 g6 24. Qg4 Qb5 25. Nc3 Qc6 26. Qf4 Rad8 27. Kf2
h5 28. Qf6 Qxf6 29. Bxf6 Rc8 30. Rac1 Rc6 31. Nd5 Re6 32. e4 b6 33. Bg5 b5 34.
Rc7 Kg7 35. Be3 Kg8 36. Bc5 Rfe8 37. Nf4 Re5 38. Rdd7 a5 39. Rxf7 Rg5 40. Rg7+
1-0

[Event "SR 4. liga A21 2011/2012"]
[Site "?"]
[Date "2011.12.18"]
[Round "6.3"]
[White "Holan, Jaroslav"]
[Black "Beran, Jan ml"]
[Result "1/2-1/2"]
[WhiteElo "1463"]
[BlackElo "1881"]
[PlyCount "40"]
[EventDate "2011.??.??"]

1. e4 c5 2. Nf3 Nc6 3. Nc3 d6 4. Bb5 Bd7 5. O-O Qc7 6. Nd5 Qd8 7. c3 e6 8. Ne3
Nf6 9. d3 Ne5 10. Nxe5 Bxb5 11. Nf3 a5 12. c4 Bc6 13. b3 Qc7 14. Bb2 b5 15. e5
dxe5 16. Bxe5 Bd6 17. Bg3 Rd8 18. Qe2 O-O 19. Rad1 b4 20. d4 Bxf3 1/2-1/2

[Event "SR 4. liga A21 2011/2012"]
[Site "?"]
[Date "2011.12.18"]
[Round "6.3"]
[White "Palka, Martin"]
[Black "Madzo, Anton"]
[Result "1-0"]
[WhiteElo "1876"]
[BlackElo "1526"]
[PlyCount "39"]
[EventDate "2011.??.??"]

1. e4 e5 2. Nf3 d6 3. d4 exd4 4. Nxd4 Nc6 5. Nc3 Be6 6. Be3 g6 7. Qd2 a6 8.
Nxe6 fxe6 9. Be2 h5 10. O-O Qd7 11. f4 O-O-O 12. Rab1 Bg7 13. b4 Bxc3 14. Qxc3
Nge7 15. b5 Nb8 16. bxa6 bxa6 17. Qb3 Qc6 18. Qxb8+ Kd7 19. Qb4 Ra8 20. Qc4 1-0

[Event "SR 4. liga A21 2011/2012"]
[Site "?"]
[Date "2011.12.18"]
[Round "6.3"]
[White "Podjavorinsky, Michal"]
[Black "Dest, Stanislav"]
[Result "1/2-1/2"]
[WhiteElo "1000"]
[BlackElo "1000"]
[PlyCount "50"]
[EventDate "2011.??.??"]

1. e4 e5 2. Nf3 d6 3. d4 exd4 4. Nxd4 Nf6 5. Nc3 Be7 6. Bg5 Bd7 7. Bd3 Nc6 8.
Nxc6 Bxc6 9. Qf3 a6 10. O-O O-O 11. Bxf6 Bxf6 12. Qh3 g6 13. f4 Bd7 14. Qf3 Bc6
15. f5 Kg7 16. Qg4 Bd7 17. Rf3 c6 18. Raf1 Qb6+ 19. Kh1 Qxb2 20. Ne2 Rad8 21.
Qg3 Be5 22. Qg5 Bf6 23. Qg4 a5 24. Rh3 Rh8 25. Qf4 Qe5 1/2-1/2

[Event "SR 4. liga A21 2011/2012"]
[Site "?"]
[Date "2011.12.18"]
[Round "6.4"]
[White "Galik, Martin"]
[Black "Holoska, Simon"]
[Result "1/2-1/2"]
[WhiteElo "1394"]
[BlackElo "1000"]
[PlyCount "42"]
[EventDate "2011.??.??"]

1. e4 e5 2. Nf3 Nc6 3. Bc4 Nf6 4. d3 Be7 5. Nc3 O-O 6. O-O d6 7. h3 Na5 8. Bb3
Nxb3 9. axb3 Be6 10. Be3 a6 11. Qd2 Qd7 12. Ne2 Bxh3 13. gxh3 Qxh3 14. Ng3 Ng4
15. Bg5 f6 16. Be3 f5 17. exf5 Bh4 18. Bg5 Bxg3 19. fxg3 Qxg3+ 20. Qg2 Qxg2+
21. Kxg2 Rxf5 1/2-1/2

[Event "SR 4. liga A21 2011/2012"]
[Site "?"]
[Date "2011.12.18"]
[Round "6.4"]
[White "Nemeckay, Rastislav"]
[Black "Sadlon, Juraj"]
[Result "1-0"]
[WhiteElo "1808"]
[BlackElo "1860"]
[PlyCount "143"]
[EventDate "2011.??.??"]

1. e4 e5 2. Nf3 Nc6 3. Bb5 a6 4. Ba4 b5 5. Bb3 Nf6 6. O-O Be7 7. Re1 O-O 8. c3
Na5 9. Nxe5 Nxb3 10. axb3 Bb7 11. d3 d5 12. exd5 Qxd5 13. Qf3 Bd6 14. Qxd5 Bxd5
15. Nd2 Rfe8 16. Nef3 Rxe1+ 17. Nxe1 Re8 18. Nef3 Bb7 19. Kf1 Ng4 20. h3 Ne5
21. Nxe5 Bxe5 22. Nf3 Bf6 23. Be3 b4 24. Nd4 Rd8 25. Rd1 c5 26. Ne2 Be4 27. d4
bxc3 28. bxc3 Bc2 29. Ra1 Bxb3 30. Rxa6 cxd4 31. Bxd4 Bxd4 32. cxd4 g6 33. Ke1
Re8 34. Rb6 Bc4 35. Rb2 Kg7 36. f3 Kf6 37. Kf2 Ke6 38. Rd2 Kd6 39. Nc3 f5 40.
Rb2 Re7 41. Rb6+ Kc7 42. Rb4 Bf7 43. Rb5 Kd6 44. Rb6+ Kc7 45. Ra6 Kb7 46. Ra3
Kb6 47. Ne2 Bc4 48. Nc3 f4 49. Ra4 Be6 50. d5 Bd7 51. Rxf4 Kc5 52. Re4 Rxe4 53.
Nxe4+ Kxd5 54. Nf6+ Ke6 55. Nxh7 Kf5 56. h4 Be6 57. Ng5 Bd5 58. g4+ Kf4 59.
Nh3+ Ke5 60. Kg3 Kf6 61. Kf4 Bc4 62. Ng5 Be2 63. Ne4+ Ke6 64. Ng3 Bd1 65. h5
Kf6 66. hxg6 Kxg6 67. Ne4 Bc2 68. Nc5 Bd1 69. Kg3 Kg5 70. f4+ Kf6 71. Ne4+ Kg6
72. f5+ 1-0

[Event "SR 4. liga A21 2011/2012"]
[Site "?"]
[Date "2011.12.18"]
[Round "6.4"]
[White "Pericka, Tomas"]
[Black "Diviak, Rastislav"]
[Result "1-0"]
[WhiteElo "2008"]
[BlackElo "2020"]
[PlyCount "91"]
[EventDate "2011.??.??"]

1. e4 c5 2. Nf3 d6 3. Bb5+ Bd7 4. Qe2 Nc6 5. c3 a6 6. Ba4 b5 7. Bc2 e5 8. O-O
Nf6 9. Rd1 Qc7 10. d4 Be7 11. d5 Na5 12. Nbd2 O-O 13. Nf1 Rfc8 14. b3 Nb7 15.
Ng3 g6 16. Bg5 b4 17. c4 a5 18. Nh4 Nxd5 19. Bxe7 Nxe7 20. Qd2 Kg7 21. f4 Nc6
22. f5 Qd8 23. Nf3 Nd4 24. Rf1 f6 25. h4 a4 26. h5 axb3 27. h6+ Kh8 28. fxg6
hxg6 29. Nxd4 cxd4 30. Bxb3 Nc5 31. Qxb4 Rcb8 32. Qe1 Nxb3 33. axb3 Rxa1 34.
Qxa1 Rxb3 35. Qa6 Rxg3 36. Qxd6 Rxg2+ 37. Kh1 Rg4 38. Rxf6 Rh4+ 39. Kg1 Rg4+
40. Kf2 Kg8 41. Rxg6+ Rxg6 42. Qxg6+ Kf8 43. Qg7+ Ke8 44. Qg8+ Ke7 45. Qxd8+
Kxd8 46. h7 1-0

[Event "SR 4. liga A21 2011/2012"]
[Site "?"]
[Date "2011.12.18"]
[Round "6.4"]
[White "Pipiska, Adam"]
[Black "Gavlas, Jakub"]
[Result "1-0"]
[WhiteElo "1299"]
[BlackElo "1464"]
[PlyCount "111"]
[EventDate "2011.??.??"]

1. e4 a6 2. d4 b5 3. Nf3 Bb7 4. Nbd2 e6 5. c4 bxc4 6. Bxc4 Bb4 7. O-O Bxd2 8.
Bxd2 Bxe4 9. Re1 Nf6 10. Ng5 d5 11. Qe2 dxc4 12. Nxe4 Qxd4 13. Nxf6+ Qxf6 14.
Bc3 Qg6 15. Qxc4 c6 16. Qb3 O-O 17. Qb7 Qg5 18. Re5 Qd8 19. Bb4 Nd7 20. Bxf8
Nxe5 21. Bd6 Nc4 22. Qxc6 Nxd6 23. Rd1 Rc8 24. Rxd6 Qf8 25. Qd7 Rc1+ 26. Rd1
Qe7 27. Qd2 Rc8 28. h3 g6 29. Qa5 Qb7 30. b3 Qb5 31. Qxb5 axb5 32. a4 bxa4 33.
bxa4 Rc4 34. Ra1 Rc6 35. a5 Ra6 36. f4 Kg7 37. Kf2 Kf6 38. Ke3 e5 39. g3 exf4+
40. gxf4 Re6+ 41. Kf3 Kf5 42. a6 Re8 43. Ra5+ Kf6 44. a7 Ra8 45. Ke4 h6 46.
Ra6+ Kg7 47. h4 f6 48. Kd5 g5 49. fxg5 hxg5 50. hxg5 fxg5 51. Kc6 g4 52. Kb7
Rf8 53. a8=Q Rf7+ 54. Kb6 g3 55. Qa7 g2 56. Qxf7+ 1-0

[Event "SR 4. liga A21 2011/2012"]
[Site "?"]
[Date "2011.12.18"]
[Round "6.4"]
[White "Sadlon, Matus"]
[Black "Nemeckay, Dominik"]
[Result "0-1"]
[WhiteElo "1608"]
[BlackElo "1372"]
[PlyCount "110"]
[EventDate "2011.??.??"]

1. e4 e5 2. Nf3 Nc6 3. Bc4 Bc5 4. c3 Nf6 5. d4 exd4 6. e5 Ne4 7. cxd4 Bb4+ 8.
Nbd2 O-O 9. O-O Nxd2 10. Bxd2 Bxd2 11. Qxd2 d5 12. Bb3 Bg4 13. Ne1 Ne7 14. Nc2
c6 15. Ne3 Qd7 16. Nxg4 Qxg4 17. Bc2 f6 18. Qd3 Ng6 19. Rae1 Nh4 20. Qg3 Qxd4
21. e6 Rfe8 22. Kh1 f5 23. f4 Qf6 24. Qc3 Qf8 25. Re2 Ng6 26. Qd3 Ne7 27. g4 g6
28. gxf5 Nxf5 29. Rg1 Kh8 30. Qc3+ Ng7 31. Qe5 Re7 32. Rge1 Rae8 33. Qd4 a6 34.
Qe3 Qf6 35. Qh3 Rxe6 36. Rxe6 Rxe6 37. Rxe6 Qxe6 38. Qb3 Qe1+ 39. Kg2 Qe2+ 40.
Kg1 Qg4+ 41. Kf2 Qxf4+ 42. Kg2 Nf5 43. Bxf5 Qxf5 44. Qxb7 Qc2+ 45. Kg3 Qd3+ 46.
Kg2 Qe2+ 47. Kg3 Qe5+ 48. Kg2 Qf6 49. Kg3 h5 50. Qxa6 h4+ 51. Kg4 g5 52. Qb6
Kh7 53. Qb3 Kh6 54. a4 Qe6+ 55. Kf3 Qh3+ 0-1

[Event "SR 4. liga A21 2011/2012"]
[Site "?"]
[Date "2011.12.18"]
[Round "6.5"]
[White "Bjel, Tomas"]
[Black "Dubecky, Ladislav"]
[Result "1-0"]
[WhiteElo "1674"]
[BlackElo "1574"]
[PlyCount "91"]
[EventDate "2011.??.??"]

1. e4 e6 2. d4 c6 3. c4 Bb4+ 4. Bd2 Bxd2+ 5. Qxd2 Qh4 6. Nc3 Nf6 7. Nf3 Qg4 8.
h3 Qg6 9. Ne5 Nxe4 10. Nxg6 Nxd2 11. Nxh8 Nxf1 12. Ne4 Ke7 13. c5 Ng3 14. fxg3
f5 15. Nd6 Na6 16. Nhf7 Nb4 17. Kd2 b6 18. a3 Nd5 19. b4 Ba6 20. Rhe1 Bc4 21.
Ng5 Kf6 22. Nxh7+ Kg6 23. Nxc4 b5 24. Ne5+ Kxh7 25. Nxd7 Re8 26. Ne5 Rc8 27. g4
g6 28. gxf5 gxf5 29. g4 f4 30. Nd3 Re8 31. Re4 f3 32. Rf1 Kh6 33. h4 Kg7 34.
Rxf3 a5 35. bxa5 Ra8 36. Rxe6 Rxa5 37. Nb4 Nxb4 38. axb4 Ra2+ 39. Ke1 Rb2 40.
h5 Rxb4 41. h6+ Kg8 42. Re7 Rb1+ 43. Kf2 Rh1 44. Ra3 Kf8 45. Rc7 Rh2+ 46. Kg3
1-0

[Event "SR 4. liga A21 2011/2012"]
[Site "?"]
[Date "2011.12.18"]
[Round "6.5"]
[White "Damborsky, Pavol"]
[Black "Krchnak, Rudolf"]
[Result "1-0"]
[WhiteElo "1769"]
[BlackElo "1878"]
[PlyCount "66"]
[EventDate "2011.??.??"]

1. c4 f5 2. e3 g6 3. d4 Bg7 4. Nf3 Nf6 5. Nc3 d6 6. Bd3 O-O 7. h3 c6 8. O-O
Nbd7 9. Qb3 Qb6 10. Qc2 Qc7 11. Ng5 Nb6 12. f4 e5 13. dxe5 dxe5 14. e4 fxe4 15.
Ncxe4 Nxe4 16. Bxe4 Bf5 17. Bxf5 Rxf5 18. Ne6 Qf7 19. Nxg7 Kxg7 20. b3 exf4 21.
Bb2+ Kh6 22. Rf3 Rf8 23. Raf1 Nd7 24. Qd2 g5 25. Qd6+ Nf6 26. g3 Qg7 27. g4 Ra5
28. a4 Rf7 29. Re1 Qf8 30. Re6 Kg6 31. Rd3 b6 32. Qxf8 Rxf8 33. Red6 b5 1-0

[Event "SR 4. liga A21 2011/2012"]
[Site "?"]
[Date "2011.12.18"]
[Round "6.5"]
[White "Hanzalik, Alojz"]
[Black "Bjel, Lubos"]
[Result "0-1"]
[WhiteElo "1373"]
[BlackElo "1671"]
[PlyCount "74"]
[EventDate "2011.??.??"]

1. e4 e6 2. c4 c5 3. Nc3 Nc6 4. Nf3 Nf6 5. d3 d5 6. exd5 exd5 7. cxd5 Nxd5 8.
Nxd5 Qxd5 9. h3 Bf5 10. Be2 O-O-O 11. O-O Bxd3 12. Bxd3 Qxd3 13. Qxd3 Rxd3 14.
Be3 Be7 15. a3 b6 16. Rac1 Bf6 17. Rc2 Nd4 18. Bxd4 Bxd4 19. Nxd4 Rxd4 20. Re2
Rhd8 21. Kh2 Rd2 22. Rfe1 Rxe2 23. Rxe2 Kc7 24. b3 Kc6 25. Re3 Rd7 26. h4 a5
27. a4 b5 28. axb5+ Kxb5 29. f3 a4 30. bxa4+ Kxa4 31. Kg1 c4 32. Kf1 Rd3 33.
Rxd3 cxd3 34. Ke1 Kb3 35. Kd2 Kc4 36. g4 Kd4 37. g5 g6 0-1

[Event "SR 4. liga A21 2011/2012"]
[Site "?"]
[Date "2011.12.18"]
[Round "6.5"]
[White "Kovarik, Oto"]
[Black "Lajda, Dusan"]
[Result "1-0"]
[WhiteElo "2018"]
[BlackElo "1841"]
[PlyCount "58"]
[EventDate "2011.??.??"]

1. e4 c5 2. Nf3 d6 3. d4 cxd4 4. Nxd4 Nf6 5. Nc3 g6 6. Be2 Bg7 7. Be3 Nc6 8.
O-O O-O 9. h3 Bd7 10. Qd2 a6 11. f4 b5 12. Bf3 Rc8 13. Nce2 Qc7 14. Rac1 Rfd8
15. c3 e5 16. Nb3 Be6 17. Rcd1 Bc4 18. Nbc1 d5 19. Qc2 dxe4 20. Bxe4 exf4 21.
Bxf4 Qb6+ 22. Kh1 Nxe4 23. Qxe4 Re8 24. Qf3 Qb7 25. b3 Bxe2 26. Nxe2 Qe7 27.
Nd4 Qe4 28. Qxe4 Rxe4 29. Nxc6 Rxc6 1-0

[Event "SR 4. liga A21 2011/2012"]
[Site "?"]
[Date "2011.12.18"]
[Round "6.5"]
[White "Smrek, Peter"]
[Black "Cerovsky, Marian"]
[Result "1-0"]
[WhiteElo "1892"]
[BlackElo "1733"]
[PlyCount "119"]
[EventDate "2011.??.??"]

1. e4 d5 2. exd5 Qxd5 3. Nc3 Qd8 4. d4 Nf6 5. Bc4 e6 6. Nf3 c6 7. O-O Bd6 8. h3
h6 9. Re1 b5 10. Bb3 O-O 11. a3 Bb7 12. Be3 Nbd7 13. Nd2 Rc8 14. Nce4 Bb8 15.
Nc5 Nxc5 16. dxc5 Qc7 17. g3 Rcd8 18. Qf3 Nd5 19. Bd4 Ne7 20. c3 Ng6 21. Qh5
Bc8 22. Nf3 Ne7 23. Ne5 Nf5 24. Rad1 Kh7 25. Bc2 g6 26. Bxf5 exf5 27. Qh4 f6
28. Nf3 g5 29. Qh5 Qf7 30. Qxf7+ Rxf7 31. h4 f4 32. hxg5 hxg5 33. Kg2 Kg6 34.
Rh1 Rh7 35. Rxh7 Kxh7 36. Re1 Kg6 37. Re7 Rh8 38. gxf4 Bh3+ 39. Kg1 Bxf4 40.
Be3 Bb8 41. Nd4 Bg4 42. f3 Bh5 43. Kg2 g4 44. f4 f5 45. Nxc6 Rc8 46. Nxb8 Rxb8
47. c6 Kf6 48. Rxa7 Rc8 49. Bd4+ Ke6 50. c7 Kd7 51. Be5 Bf7 52. Kg3 Bc4 53. a4
Kc6 54. axb5+ Bxb5 55. b3 Kb6 56. Bd4+ Kc6 57. c4 Re8 58. cxb5+ Kxb5 59. Rb7+
Kc6 60. Rb8 1-0

[Event "SR 4. liga A21 2011/2012"]
[Site "?"]
[Date "2011.12.18"]
[Round "6.6"]
[White "Baumgartner, Milan"]
[Black "Mackovic, Matus"]
[Result "0-1"]
[WhiteElo "1592"]
[BlackElo "1873"]
[PlyCount "100"]
[EventDate "2011.??.??"]

1. c4 c6 2. Nc3 d5 3. cxd5 cxd5 4. d4 Nf6 5. Bg5 Bf5 6. Bxf6 exf6 7. e3 Be7 8.
Bd3 Be6 9. Nge2 Nc6 10. O-O O-O 11. a3 Rc8 12. Bc2 Na5 13. Qd3 g6 14. f4 Bf5
15. Qd1 Nc4 16. Bxf5 Nxe3 17. Qd3 Nxf5 18. g4 Ng7 19. f5 Bd6 20. Qf3 Bb8 21.
Nxd5 Qd6 22. Rf2 Rcd8 23. Nec3 g5 24. Re1 Rfe8 25. Rfe2 Rxe2 26. Rxe2 Re8 27.
Rxe8+ Nxe8 28. Qe2 Kf8 29. Qg2 Nc7 30. Nxc7 Qxd4+ 31. Qf2 Qxg4+ 32. Kf1 Qc4+
33. Qe2 Qxe2+ 34. Kxe2 Bxc7 35. h3 Be5 36. Kd3 Bxc3 37. Kxc3 Ke7 38. Kd4 Kd6
39. b4 h5 40. a4 b6 41. b5 g4 42. hxg4 hxg4 43. Ke4 Kc5 44. Kf4 Kb4 45. Kxg4
Kxa4 46. Kh5 Kxb5 47. Kh6 a5 48. Kg7 a4 49. Kxf6 a3 50. Kxf7 a2 0-1

[Event "SR 4. liga A21 2011/2012"]
[Site "?"]
[Date "2011.12.18"]
[Round "6.6"]
[White "Davidik, Miroslav"]
[Black "Rau, Vladimir"]
[Result "1/2-1/2"]
[WhiteElo "1467"]
[BlackElo "1643"]
[PlyCount "80"]
[EventDate "2011.??.??"]

1. c4 e5 2. Nc3 Nf6 3. a3 Nc6 4. Nf3 Be7 5. d4 d6 6. d5 Nb8 7. e4 Nbd7 8. b4
O-O 9. Be2 Re8 10. O-O Nf8 11. Re1 Ng6 12. Qc2 a6 13. Bd2 Bd7 14. h3 h6 15. Be3
Bf8 16. Nh2 c6 17. Qb1 Rc8 18. a4 Nf4 19. Bf1 b6 20. Nf3 c5 21. b5 a5 22. Qc2
N6h5 23. Kh2 Be7 24. g4 Nf6 25. Bxf4 exf4 26. Qd2 g5 27. Bg2 Nh7 28. Ng1 Bf6
29. f3 Be5 30. Rad1 Nf6 31. Nge2 h5 32. Kg1 hxg4 33. hxg4 Kg7 34. Kf2 Rh8 35.
Rh1 Qe7 36. Rdf1 Rcg8 37. Nd1 Nh7 38. Ke1 Qf6 39. Nf2 Nf8 40. Kd1 Ng6 1/2-1/2

[Event "SR 4. liga A21 2011/2012"]
[Site "?"]
[Date "2011.12.18"]
[Round "6.6"]
[White "Jablonicky, Martin"]
[Black "Geher, Stanislav"]
[Result "1-0"]
[WhiteElo "1757"]
[BlackElo "1528"]
[PlyCount "67"]
[EventDate "2011.??.??"]

1. e4 e5 2. Nf3 Nc6 3. Bb5 d6 4. O-O Bd7 5. c3 a6 6. Ba4 Nf6 7. Re1 Be7 8. h3
O-O 9. d4 Qe8 10. Nbd2 Nb8 11. Bb3 exd4 12. cxd4 Bb5 13. a4 Bd7 14. e5 Nh5 15.
exd6 cxd6 16. Nc4 Qd8 17. a5 Bb5 18. Nb6 Ra7 19. Nd5 Re8 20. Nxe7+ Rxe7 21.
Rxe7 Qxe7 22. Ng5 Nf6 23. Qc2 h6 24. Qc8+ Be8 25. Qxb8 b6 26. Nxf7 d5 27. Nd6
Qe1+ 28. Kh2 Re7 29. Nxe8 Rxe8 30. Qg3 Ne4 31. Bxd5+ Kh8 32. Bxe4 Rxe4 33. Bxh6
Re7 34. Rxe1 1-0

[Event "SR 4. liga A21 2011/2012"]
[Site "?"]
[Date "2011.12.18"]
[Round "6.6"]
[White "Kavon, Rastislav"]
[Black "Kubik, Peter"]
[Result "1/2-1/2"]
[WhiteElo "1879"]
[BlackElo "1668"]
[PlyCount "75"]
[EventDate "2011.??.??"]

1. e4 e5 2. Nf3 Nc6 3. Bb5 Nf6 4. O-O Nxe4 5. Re1 Nd6 6. Bxc6 dxc6 7. Nxe5 Be6
8. Nc3 Be7 9. Qe2 O-O 10. Nxf7 Bxf7 11. Qxe7 Re8 12. Qxd8 Raxd8 13. Rxe8+ Rxe8
14. Kf1 Nf5 15. Ne2 c5 16. d3 Bd5 17. Bf4 Bxg2+ 18. Kxg2 Rxe2 19. Rc1 c6 20.
Bb8 a6 21. Kf1 Re6 22. Ba7 c4 23. dxc4 Nd6 24. b3 Kf7 25. Rd1 Ne4 26. Rd7+ Re7
27. Rxe7+ Kxe7 28. Bd4 g6 29. Ke2 Ke6 30. b4 h5 31. a4 Nd6 32. Kd3 Kf5 33. c5
Ne4 34. c4 Kf4 35. Ke2 Kf5 36. h4 g5 37. f3 Ng3+ 38. Kf2 1/2-1/2

[Event "SR 4. liga A21 2011/2012"]
[Site "?"]
[Date "2012.01.15"]
[Round "7.1"]
[White "Davidik, Miroslav"]
[Black "Piestansky, Jan"]
[Result "1/2-1/2"]
[WhiteElo "1467"]
[BlackElo "1593"]
[PlyCount "68"]
[EventDate "2011.??.??"]

1. e4 e5 2. f4 exf4 3. Nf3 Nf6 4. e5 Ng8 5. d4 d5 6. Bxf4 c6 7. Bd3 h6 8. O-O
Be6 9. c3 Nd7 10. Nbd2 Be7 11. Nb3 Qb6 12. a4 g5 13. Be3 g4 14. Nfd2 h5 15. a5
Qc7 16. Bf4 O-O-O 17. Qe2 a6 18. c4 Kb8 19. cxd5 Bxd5 20. Bf5 Be6 21. Bxe6 fxe6
22. Nc4 Rf8 23. Be3 Nh6 24. Rxf8+ Bxf8 25. Bxh6 Rxh6 26. Rf1 Qd8 27. Qe3 Rh8
28. Nd6 Bxd6 29. exd6 Qe8 30. Nc5 Nxc5 31. dxc5 Kc8 32. Re1 Kd7 33. Qe5 Rh7 34.
Re3 Rf7 1/2-1/2

[Event "SR 4. liga A21 2011/2012"]
[Site "?"]
[Date "2012.01.15"]
[Round "7.1"]
[White "Kubik, Peter"]
[Black "Vagovic, Milan"]
[Result "1-0"]
[WhiteElo "1668"]
[BlackElo "1697"]
[PlyCount "107"]
[EventDate "2011.??.??"]

1. e4 e5 2. Nf3 Nc6 3. Bb5 a6 4. Ba4 Nf6 5. O-O Bc5 6. Nxe5 Nxe5 7. d4 Bxd4 8.
Qxd4 Nc6 9. Qc3 h6 10. Bf4 O-O 11. Nd2 b5 12. Bb3 a5 13. a3 Bb7 14. Rfe1 d6 15.
Rad1 Re8 16. f3 Nh5 17. Be3 Ne5 18. Nf1 Qe7 19. Ng3 Nxg3 20. hxg3 c5 21. Bd5 b4
22. axb4 axb4 23. Qd2 Rad8 24. Kf2 Bxd5 25. Qxd5 Qf6 26. Bf4 Ng6 27. Bc1 Ne5
28. Bf4 Ng6 29. Bc1 Re5 30. Qc6 Rh5 31. Qb7 Rh2 32. Rd5 Qe6 33. Kg1 Rxg2+ 34.
Kxg2 Ne7 35. Qb6 Qd7 36. Rh5 Nc8 37. Qa6 Re8 38. Reh1 Re5 39. Qd3 Rxh5 40. Rxh5
Qe6 41. Qd5 Ne7 42. Qxe6 fxe6 43. Be3 Kf7 44. f4 Kg6 45. g4 c4 46. Rb5 c3 47.
Rxb4 cxb2 48. Kf3 d5 49. Rxb2 dxe4+ 50. Kxe4 Ng8 51. c4 Nf6+ 52. Kf3 Kf7 53.
Rb7+ Kg6 54. c5 1-0

[Event "SR 4. liga A21 2011/2012"]
[Site "?"]
[Date "2012.01.15"]
[Round "7.1"]
[White "Kupkovic, Miroslav"]
[Black "Hrubsa, Marian"]
[Result "1/2-1/2"]
[WhiteElo "1836"]
[BlackElo "1929"]
[PlyCount "52"]
[EventDate "2011.??.??"]

1. d4 d5 2. c4 e6 3. Nf3 Nf6 4. g3 c6 5. Qc2 Nbd7 6. Bg2 dxc4 7. Qxc4 Nb6 8.
Qc2 Bd7 9. O-O Rc8 10. Ne5 Be7 11. Rd1 O-O 12. Nxd7 Qxd7 13. a3 Rfd8 14. Nc3
Qe8 15. e3 Rd7 16. Na4 Nxa4 17. Qxa4 c5 18. dxc5 Rxd1+ 19. Qxd1 Bxc5 20. Bxb7
Rd8 21. Qf3 Qa4 22. b4 Bxb4 23. Bb2 Be7 24. Bd4 a5 25. Bc6 Qb3 26. a4 h6
1/2-1/2

[Event "SR 4. liga A21 2011/2012"]
[Site "?"]
[Date "2012.01.15"]
[Round "7.1"]
[White "Pripko, Bystrik"]
[Black "Baumgartner, Milan"]
[Result "1/2-1/2"]
[WhiteElo "1655"]
[BlackElo "1592"]
[PlyCount "91"]
[EventDate "2011.??.??"]

1. e4 e5 2. Nf3 Nc6 3. Bc4 Bc5 4. Nc3 h6 5. d3 d6 6. h3 Nf6 7. O-O Bd7 8. a3 a6
9. b4 Ba7 10. Be3 Bxe3 11. fxe3 Qe7 12. Nd5 Nxd5 13. exd5 Na7 14. a4 O-O 15. e4
Qf6 16. Kh2 Qf4+ 17. Kh1 Qg3 18. Nh2 Bxh3 19. gxh3 Qxh3 20. Qf3 Qxf3+ 21. Nxf3
f5 22. exf5 Rxf5 23. b5 Raf8 24. Nh2 a5 25. Rxf5 Rxf5 26. Rf1 Rf4 27. Rxf4 exf4
28. Kg2 g5 29. Kf3 Nc8 30. Bb3 Ne7 31. c4 Nf5 32. Bd1 Kg7 33. Ng4 h5 34. Nf2
Kh6 35. Ke4 Ng3+ 36. Kf3 Kg6 37. Ne4 Nf5 38. Nf2 Ne3 39. Ke4 Nf5 40. d4 b6 41.
Bc2 Kf6 42. Bd1 Ng3+ 43. Kf3 Nf5 44. Ke4 Ng3+ 45. Kf3 Nf5 46. Ke4 1/2-1/2

[Event "SR 4. liga A21 2011/2012"]
[Site "?"]
[Date "2012.01.15"]
[Round "7.1"]
[White "Vepy, Ivan"]
[Black "Slaby, Jozef"]
[Result "0-1"]
[WhiteElo "1948"]
[BlackElo "1846"]
[PlyCount "114"]
[EventDate "2011.??.??"]

1. e4 c6 2. d4 d5 3. exd5 cxd5 4. Nc3 Nf6 5. Bd3 e6 6. Nge2 a6 7. O-O Nc6 8. h3
Nb4 9. Ng3 Nxd3 10. Qxd3 Bd6 11. Re1 O-O 12. Nce2 Qc7 13. Bg5 Be7 14. Rac1 Bd7
15. Qf3 Qd8 16. Nc3 h6 17. Bf4 Bc6 18. Qe3 Kh7 19. Re2 Rc8 20. Rce1 Bb4 21. Qf3
Ne4 22. Rc1 Nxc3 23. bxc3 Ba3 24. Rce1 Qf6 25. Nh5 Qf5 26. g4 Qg6 27. Be5 f6
28. Bg3 e5 29. c4 Bb4 30. c3 dxc4 31. d5 e4 32. Qe3 Bxc3 33. Qxc3 Bxd5 34. Nf4
Qf7 35. Nxd5 Qxd5 36. Rxe4 Rc6 37. Rd4 Qf7 38. Red1 b5 39. a3 Qg6 40. Rd6 Rfc8
41. Rxc6 Rxc6 42. Bd6 f5 43. Bg3 fxg4 44. h4 Qf5 45. Be5 Rg6 46. Qd4 Qe6 47.
Qf4 Qc6 48. Qd4 Qf3 49. Qa1 Qf5 50. Qb2 Qh5 51. Rd7 g3 52. fxg3 Qg4 53. Qd4 Qf3
54. Qf2 Qe4 55. Bc3 Qg4 56. h5 Qxg3+ 57. Qxg3 Rxg3+ 0-1

[Event "SR 4. liga A21 2011/2012"]
[Site "?"]
[Date "2012.01.15"]
[Round "7.2"]
[White "Bango, Lukas"]
[Black "Bjel, Tomas"]
[Result "1-0"]
[WhiteElo "1364"]
[BlackElo "1674"]
[PlyCount "49"]
[EventDate "2011.??.??"]

1. Nf3 e6 2. c4 Nf6 3. g3 d5 4. cxd5 exd5 5. Bg2 c5 6. O-O Bd6 7. d4 b6 8. Nc3
Bb7 9. Nb5 O-O 10. Nxd6 Qxd6 11. Bf4 Qe7 12. e3 Nh5 13. Re1 Nxf4 14. exf4 Qf6
15. Ne5 Rd8 16. Rc1 Qd6 17. Qh5 g6 18. Qh4 f6 19. Nf7 Kxf7 20. Qxh7+ Kf8 21.
Qh8+ Kf7 22. Qh7+ Kf8 23. Bh3 Bc8 24. Bxc8 Nd7 25. Qh8+ 1-0

[Event "SR 4. liga A21 2011/2012"]
[Site "?"]
[Date "2012.01.15"]
[Round "7.2"]
[White "Bjel, Lubos"]
[Black "Capanda, Jan"]
[Result "1-0"]
[WhiteElo "1671"]
[BlackElo "1000"]
[PlyCount "65"]
[EventDate "2011.??.??"]

1. e4 Nf6 2. Nc3 d5 3. exd5 Nxd5 4. Bc4 e6 5. Bxd5 exd5 6. Qe2+ Be7 7. Qe5 c6
8. Qxg7 Bf6 9. Qg3 Bf5 10. Qe3+ Kd7 11. Nge2 d4 12. Qf4 Bxc2 13. Nxd4 Re8+ 14.
Nde2 Bxc3 15. dxc3 Bd3 16. Be3 Bxe2 17. Qxf7+ Re7 18. Qf5+ Kc7 19. Kxe2 Nd7 20.
Rhd1 b6 21. Kf1 Qe8 22. Bf4+ Kb7 23. Re1 Nf8 24. Rxe7+ Qxe7 25. Re1 Qg7 26. Bg5
Qg8 27. Re7+ Ka6 28. Qd3+ b5 29. Be3 Qxa2 30. Rc7 Qe6 31. c4 bxc4 32. Qa3+ Kb5
33. Rb7# 1-0

[Event "SR 4. liga A21 2011/2012"]
[Site "?"]
[Date "2012.01.15"]
[Round "7.2"]
[White "Jablonicky, Martin"]
[Black "Smrek, Peter"]
[Result "1-0"]
[WhiteElo "1757"]
[BlackElo "1892"]
[PlyCount "91"]
[EventDate "2011.??.??"]

1. e4 c5 2. Nf3 Nc6 3. d4 cxd4 4. Nxd4 Nf6 5. Nc3 d6 6. Be3 g6 7. f3 Bg7 8. Bc4
a6 9. Qd2 Nxd4 10. Bxd4 b5 11. Bd5 Bd7 12. Bxa8 Qxa8 13. Nd5 Qc6 14. Nxf6+ exf6
15. Qc3 Ke7 16. Qxc6 Bxc6 17. O-O-O Rc8 18. Kb1 b4 19. c3 bxc3 20. Bxc3 Bb5 21.
h4 Ke6 22. h5 g5 23. h6 Bf8 24. Rc1 Bd3+ 25. Ka1 g4 26. Rh4 f5 27. exf5+ Kxf5
28. fxg4+ Kg6 29. g5 Rc5 30. Rh3 Bf5 31. Re3 d5 32. Re8 Bd6 33. g4 Bxg4 34.
Rg8+ Kf5 35. Rf1+ Ke4 36. Bb4 Rc6 37. Bxd6 Rxd6 38. Rg7 d4 39. Rgxf7 d3 40.
R7f4+ Ke3 41. Rxg4 d2 42. Rgg1 Ke2 43. Rd1 Rd5 44. b4 Rxg5 45. Rxg5 Kxd1 46.
Kb2 1-0

[Event "SR 4. liga A21 2011/2012"]
[Site "?"]
[Date "2012.01.15"]
[Round "7.2"]
[White "Krchnak, Rudolf"]
[Black "Lezovic, Martin"]
[Result "0-1"]
[WhiteElo "1878"]
[BlackElo "1658"]
[PlyCount "78"]
[EventDate "2011.??.??"]

1. d4 d5 2. Bg5 Nd7 3. Nc3 Ngf6 4. e3 e6 5. Bd3 h6 6. Bh4 Be7 7. Nf3 c5 8. dxc5
Nxc5 9. Bb5+ Bd7 10. Bxd7+ Qxd7 11. O-O O-O 12. Ne2 Nfe4 13. Bxe7 Qxe7 14. Qd4
b6 15. Rfd1 Rac8 16. c3 Rfd8 17. Ng3 f5 18. Qe5 Nd7 19. Qd4 Nb8 20. Ne5 Nc6 21.
Nxc6 Rxc6 22. Nxe4 Rc4 23. Qd2 fxe4 24. Qe2 Rf8 25. Rd4 Rxd4 26. exd4 Qd7 27.
Rf1 g5 28. f3 Rf4 29. fxe4 Rxe4 30. Qh5 Kg7 31. Qd1 Qe8 32. g3 g4 33. Rf2 Qg6
34. Qf1 e5 35. dxe5 Rxe5 36. Qd1 Qe6 37. Kf1 h5 38. Re2 Qf6+ 39. Ke1 Rf5 {
biely prekrocil na cas.} 0-1

[Event "SR 4. liga A21 2011/2012"]
[Site "?"]
[Date "2012.01.15"]
[Round "7.2"]
[White "Lajda, Dusan"]
[Black "Kavon, Rastislav"]
[Result "1/2-1/2"]
[WhiteElo "1841"]
[BlackElo "1879"]
[PlyCount "33"]
[EventDate "2011.??.??"]

1. e4 c5 2. Nf3 Nc6 3. d4 cxd4 4. Nxd4 Nf6 5. Nc3 e5 6. Ndb5 d6 7. Bg5 a6 8.
Na3 b5 9. Bxf6 gxf6 10. Nd5 f5 11. exf5 Bxf5 12. Qf3 Nd4 13. Nc7+ Qxc7 14.
Qxa8+ Bc8 15. Qe4 Bf5 16. Qa8+ Bc8 17. Qe4 1/2-1/2